000 00542cam a2200193 4500
001 D15388
008 090401t1973 xxu||||| |||| 00| 0 eng d
035 _a(Sirsi) u22421
041 _aeng
110 _aRoyal Institution of Chartered Surveyors
_94900
245 _aBritish Chapter of the Internation Real Estate Federation list of members 1973.
260 _aLondon
_bFIABCI
_c1973
300 _a63p. 21cm
350 _a0
520 _aAt archives 1973/51AB
710 _aFiabci ( United Kingdom)
942 _n0
948 _c04/03/1997
999 _c88181
_d88181